=LDR 00000nam 2200000 4500 =001 INLIS000000000036453 =005 20201116114836 =035 ##$$a 0010-061300000036453 =008 201116################g##########0#ind## =041 ##$$a Ind =082 ##$$a 308.8 =090 ##$$a 308.8, Nur m =100 ##$$a Nurwijaya, Hartati =245 1#$$a Mencegah selingkuh dan cerai /$c Dra. Hartati Nurwijaya =260 ##$$a Jakarta :$b Kompas Gramedia,$c 2011 =300 ##$$a vii, 225 hlm ; $c 21 x 14 cm. =650 #4$$a Perceraian =850 ##$$a NBPNMAT =020 ##$$a 978-602-00-0692-5 =084 ##$$a 308.8 NUR m =250 ##$$a cet. 1 =520 ##$$a Bibliografi hlm. 223-225 =990 ##$$a 21102783 =990 ##$$a 21102785